| 000 | 01107cam a2200313 4500 | ||
|---|---|---|---|
| 999 |
_c18413 _d18413 |
||
| 001 | 1241005 | ||
| 003 | BDDh-ASL | ||
| 005 | 20231015025715.0 | ||
| 008 | 720503s1972 enkb b 001 0beng | ||
| 010 | _a 71171674 | ||
| 015 | _aB*** | ||
| 020 | _a0521083532 | ||
| 040 |
_aDLC _cDLC _dBDDh-ASL |
||
| 043 | _aa-ii--- | ||
| 050 | 0 | 0 |
_aDS481.G3 _bB74 |
| 082 | 0 | 0 |
_a923.254 _bBRG |
| 100 | 1 |
_aBrown, Judith M. _q(Judith Margaret), _d1944- |
|
| 245 | 1 | 0 |
_aGandhi's rise to power: _bIndian politics 1915-1922/ _c[by] Judith M. Brown. |
| 260 |
_aCambridge [Eng.] _bUniversity Press, _c1972. |
||
| 300 |
_axvi, 384 p. : _bmaps. ; _c22 cm. |
||
| 440 | 0 | _aCambridge South Asian studies | |
| 504 | _aBibliography: p. 363-377. | ||
| 600 | 1 | 0 |
_aGandhi, _cMahatma, _d1869-1948. |
| 651 | 0 |
_aIndia _xPolitics and government _y1919-1947. |
|
| 856 | 4 | 2 |
_3Publisher description _uhttp://www.loc.gov/catdir/enhancements/fy0810/71171674-d.html |
| 856 | 4 | 1 |
_3Table of contents only _uhttp://www.loc.gov/catdir/enhancements/fy0810/71171674-t.html |
| 906 |
_a7 _bcbc _corignew _d2 _encip _f19 _gy-gencatlg |
||
| 942 |
_2ddc _cBK |
||